Normal view
MARC view
Entry Corporate Name
001 - CONTROL NUMBER
- control field: 54840
003 - CONTROL NUMBER IDENTIFIER
- control field: OSt
005 - DATE AND TIME OF LATEST TRANSACTION
- control field: 20241004093220.0
008 - FIXED-LENGTH DATA ELEMENTS
- fixed length control field: 241004|| aca||aabn | a|a d
040 ## - CATALOGING SOURCE
- Original cataloging agency: OSt
- Transcribing agency: OSt
110 ## - HEADING--CORPORATE NAME
- Corporate name or jurisdiction name as entry element: နိုင်ငံတော်သံဃာမဟာနာကအဖွဲ့
670 ## - SOURCE DATA FOUND
- Source citation: Work cat.: (OSt)16777: 17374, ဗုဒ္ဓဘာသာယဉ်ကျေးမှုသင်ခန်းစာ /, ၂၀၀၆။